000 00467nam a2200157Ia 4500
003 LK-CoDNM
008 010623t1918 xxu||||| |||| 00| 1 sin d
040 _aLK-CoDNM
_dLK-CoDNM
_eLK-CoDNM
041 _asin
080 _a104 C 8
245 _aජයතිලකාරාමයෙහි පින්කම් අලංකාරය
246 _aJayatilakaaraamayehi Pinkam Alankaaraya
260 _bBastian Co.
_aColombo
_c1918
300 _b18p, 21 cm
942 _cBK
999 _c89510
_d89510